MARC

LEADER 00000nam0a2200000 4500
001 252306
005 20231101232734.0
035 |a (RuTPU)RU\TPU\book\274637 
090 |a 252306 
100 |a 20140228d1960 m y0rusy50 ca 
101 0 |a rus 
102 |a RU 
105 |a c z 000zy 
200 1 |a Периодическая система элементов Д. И. Менделеева как физико-химический справочник  |f Г. М. Унжаков  |g Новосибирский областной институт усовершенствования учителей 
210 |a Новосибирск  |c Изд-во Новосибирского ин-та усовершенствования учителей  |d 1960 
215 |a 10 с.  |c портр. 
606 1 |a Периодическая система элементов  |2 stltpush  |3 (RuTPU)RU\TPU\subj\72133  |9 85718 
610 1 |a периодический закон 
610 1 |a периодический закон Менделеева 
610 1 |a строение 
610 1 |a элементы 
610 1 |a свойства 
610 1 |a соединения 
610 1 |a зависимость 
610 1 |a ядро 
610 1 |a атомы 
675 |a 546-123-048.4  |v 3 
700 1 |a Унжаков  |b Г. М. 
712 0 2 |a Новосибирский областной институт усовершенствования учителей  |2 stltpush  |3 (RuTPU)RU\TPU\col\19416 
801 1 |a RU  |b 63413507  |c 20140228 
801 2 |a RU  |b 63413507  |c 20151123  |g RCR 
942 |c BK